| 000 | 00601nam a22001937a 4500 | ||
|---|---|---|---|
| 999 |
_c6266 _d6266 |
||
| 003 | AR-CdUCM | ||
| 008 | 190314b ||||| |||| 00| 0 spa d | ||
| 040 |
_aMUNICIPALIDAD PROVINCIAL DEL CUSCO _cBIBLIOTECA MUNICIPAL DEL CUSCO |
||
| 082 |
_a869.56 / _bW21 |
||
| 100 |
_aWamant'ika, Francisco _918014 |
||
| 245 | _a¡Éxodo de un Suspiro! / | ||
| 260 |
_aCusco-Perú : _bAlpha Servicios Gráficos ; _c2012. |
||
| 300 |
_a120 páginas ; _c20cm |
||
| 505 | _aContenido: Poesía | ||
| 650 |
_aPoesía cusqueña _92323 |
||
| 650 |
_aLiteratura cusqueña _910596 |
||
| 942 |
_2ddc _cLIBROS |
||
| 945 | _anom | ||